000 00381nam a2200157Ia 4500
003 OSt
005 20240307115520.0
008 170523s9999 xx 000 0 und d
020 _a9788125911630
040 _ciimtu meerut
100 _aLOMASH- MISHRA
245 0 _aBUSINESS POLICY STRATEGIC MANAGEMENT
260 _bVIKAS PUBLICATION HOUSE
260 _c2004
942 _2ddc
_c02
999 _c1179
_d1179